000 00509nam a22002057a 4500
003 OSt
005 20140310183057.0
008 130301t xxu||||| |||| 00| 0 eng d
020 _a9711000687
050 _aBD232
_b.An56 1994
082 _aFIL 170
_bAn2u 1994
245 _aUnderstanding values /
_cAndres, Tomas D.
260 _aQuezon City:
_bNew Day,
_c1994
300 _ax, 167 p.
_c22cm
521 _aCollege
526 _c1210L-1700L
541 _j1
562 _e1
942 _2lcc
_cBK
_kFIL
999 _c18694
_d18694